000 00669nam a2200169 i 4500
001 167064
003 ES-MaACL
005 20230906213443.0
008 150409s1894 sp |||| | spa d
110 2 _aPrisión Celular de Madrid.
_9134763
245 1 0 _aReglamento de la Prisión Celular de Madrid
_b: aprobado por Real Orden de 23 de Febrero de 1894 dictada por el Ministerio de Gracia y Justicia.
260 _aMadrid :
_b[s.n.],
_c1894 (
_fImp. de la Viuda de M. Minuesa de los Ríos)
300 _a82 p. ;
_c19 cm.
610 2 4 _aPrisión Celular de Madrid.
_9134763
650 4 _aEstablecimientos penitenciarios-
_zMadrid.
_9143330
852 _aES-MaACL
_jT-735-F-3
999 _c167064
_d167064